000
00312nam a22001337a 4500
020
_a
978-81-8477-491-7
082
_a
500
_b
BAS/M
100
_a
BIMAN BASU
245
_a
MASTERING SCIENCE
_b
CLASS IX
260
_a
DELHI
_b
SCHOLASTIC INDIA
_c
2010
300
_a
185
650
_a
SCIENCE FOR CLASS IX
_z
INDIA
942
_c
BK
999
_c
948
_d
948